Science and Technology (Record no. 3639)

MARC details
000 -LEADER
fixed length control field 00236nam a22000857a 4500
008 - FIXED-LENGTH DATA ELEMENTS--GENERAL INFORMATION
fixed length control field 161028b xxu||||| |||| 00| 0 eng d
100 ## - MAIN ENTRY--PERSONAL NAME
9 (RLIN) 980
Personal name Sharma,.R.K.
245 ## - TITLE STATEMENT
Title Science and Technology
260 ## - PUBLICATION, DISTRIBUTION, ETC. (IMPRINT)
Place of publication, distribution, etc. New Delhi
Name of publisher, distributor, etc. Holy Faith Publications
Date of publication, distribution, etc. 2006
Holdings
Withdrawn status Lost status Source of classification or shelving scheme Damaged status Koha normalized classification for sorting Not for loan Home library Current library Shelving location Date acquired Total Checkouts Full call number Barcode Date last seen Date last checked out Price effective from Koha item type
    Dewey Decimal Classification   500_000000000000000   Good Samaritan School Library Good Samaritan School Library Science 10/28/2016 1 500 SHA4368 02/07/2017 10/28/2016 10/28/2016 BOOK

Powered by Koha